Statistiques concernant Dingbat #2

Cliquez ici pour prendre le quiz!

Statistiques générales

  • Ce quiz a été pris 128 fois
  • Le résultat moyen est 8 sur 16

Statistiques - réponses

Réponse% Correct
Une peur bleu
94%
Les chutes du Niagara
93%
Avoir la tête dans les nuages
91%
Rouge-gorge
83%
Lire entre les lignes
64%
Être à l'ouest
63%
Joindre l'utile à l'agréable
57%
Avoir une idée derrière la tête
52%
Aile de poulet
46%
Main dans la main
40%
Envers et contre tous
38%
Faux départ
30%
L’arroseur arrosé
29%
Eau de rose
23%
Souffleur de verre
7%
Entrecôte à point
6%

Distribution des résultats

Percentile par nombre de réponses

% des personnes avec chaque résultat

Votre développement - résultats

Vous n’avez pas pris ce quiz